| Tag |
First Indicator |
Second Indicator |
Subfields |
| LEADER |
00000cam a2200000 a 4500 |
| 001 |
in00000074021 |
| 005 |
20151008060136.0 |
| 008 |
810731s1980 cauacf b 00110 eng |
| 010 |
|
|
|a 77020321
|
| 020 |
|
|
|a 0520036018
|
| 035 |
|
|
|a (OCoLC)07494037
|
| 035 |
|
|
|9 AAJ5180AM
|
| 039 |
0 |
|
|a 2
|b 3
|c 3
|d 3
|e 3
|
| 040 |
|
|
|a DLC
|c DLC
|d TXA
|d UtOrBLW
|
| 043 |
|
|
|a e-it---
|a e-gr---
|
| 049 |
|
|
|a TXAM
|c [387885]
|
| 050 |
0 |
0 |
|a NK7307.3
|b .H53 1980
|
| 082 |
0 |
|
|a 739.27/0938
|2 19
|
| 100 |
1 |
|
|a Higgins, Reynold Alleyne.
|
| 245 |
1 |
0 |
|a Greek and Roman jewellery /
|c Reynold Higgins.
|
| 250 |
|
|
|a 2nd ed.
|
| 264 |
|
1 |
|a Berkeley :
|b University of California Press,
|c [1980]
|
| 264 |
|
4 |
|c ©1980
|
| 300 |
|
|
|a xliii, 243 pages, 65 unnumbered pages of plates :
|b illustrations, color portrait ;
|c 24 cm.
|
| 336 |
|
|
|a text
|b txt
|2 rdacontent
|
| 337 |
|
|
|a unmediated
|b n
|2 rdamedia
|
| 338 |
|
|
|a volume
|b nc
|2 rdacarrier
|
| 500 |
|
|
|a Includes indexes.
|
| 504 |
|
|
|a Bibliography: pages 193-230.
|
| 650 |
|
0 |
|a Jewelry, Classical.
|
| 999 |
|
|
|a MARS
|
| 999 |
f |
f |
|s 544ba664-ad8a-3a7f-8eba-1ad238f43faa
|i 30024b58-680d-3d74-92b9-87d498d0c923
|t 0
|
| 952 |
f |
f |
|p normal
|a Texas A&M University
|b College Station
|c Sterling C. Evans Library
|d Evans: Library Stacks
|t 0
|e NK7307.3 .H53 1980
|h Library of Congress classification
|i unmediated -- volume
|m A14806171220
|
| 998 |
f |
f |
|a NK7307.3 .H53 1980
|t 0
|l Evans: Library Stacks
|